000 00695cam a22002293a 4500
001 35566
003 PGUSA
005 20140828083751.0
008 110313s2011||||xxu|||||s|||||000 | eng d
040 _aPGUSA
_beng
042 _adc
050 4 _aHE
100 1 _aTiffany, John K.
_q(John Kerr),
_d1843-1897
245 1 0 _aHistory of the Postage Stamps of the United States of America
_h[electronic resource] /
_cJohn K. Tiffany
260 _bProject Gutenberg,
_c2011
506 _aPublic domain in the USA.
516 _aElectronic text
653 _aPostage stamps -- United States
830 0 _aProject Gutenberg
_v35566
856 4 0 _uhttp://www.gutenberg.org/ebooks/35566
942 _cEB
999 _c264821
_d264821